<?xml version="1.0" encoding="UTF-8"?>
<collection xmlns="http://www.loc.gov/MARC21/slim">
 <record>
  <leader>02184nam a2200229Ia 4500</leader>
  <controlfield tag="001">CTU_176448</controlfield>
  <controlfield tag="008">210402s9999    xx            000 0 und d</controlfield>
  <datafield tag="020" ind1=" " ind2=" ">
   <subfield code="c">130000</subfield>
  </datafield>
  <datafield tag="082" ind1=" " ind2=" ">
   <subfield code="a">305.89593</subfield>
  </datafield>
  <datafield tag="082" ind1=" " ind2=" ">
   <subfield code="b">Ch300</subfield>
  </datafield>
  <datafield tag="100" ind1=" " ind2=" ">
   <subfield code="a">Nguyễn, Kinh Chi</subfield>
  </datafield>
  <datafield tag="245" ind1=" " ind2="0">
   <subfield code="a">Người Ba-na ở Kon Tum =</subfield>
  </datafield>
  <datafield tag="245" ind1=" " ind2="0">
   <subfield code="b">Les Bahnar de Kontum</subfield>
  </datafield>
  <datafield tag="245" ind1=" " ind2="0">
   <subfield code="c">Nguyễn Kinh Chi, Nguyễn Đổng Chi ; Nguyễn Văn Ký dịch sang tiếng Pháp ; Andrew Hardy biên tập</subfield>
  </datafield>
  <datafield tag="260" ind1=" " ind2=" ">
   <subfield code="a">Hà Nội</subfield>
  </datafield>
  <datafield tag="260" ind1=" " ind2=" ">
   <subfield code="b">Tri Thức</subfield>
  </datafield>
  <datafield tag="260" ind1=" " ind2=" ">
   <subfield code="c">2011</subfield>
  </datafield>
  <datafield tag="520" ind1=" " ind2=" ">
   <subfield code="a">Những ghi chép cẩn trọng, có kiểm chứng, sự cần mẫn, tỉ mỉ và rất khoa học đã làm nên một công trình nghiên cứu hết sức giá trị, được coi là kho tri thức về lịch sử Kon Tum và văn hóa của người Ba Na. Đây cũng là công trình đầu tiên của ngành Dân tộc học được viết bằng tiếng Việt. Cuốn sách tái bản lần này được in bằng hai ngôn ngữ Việt - Pháp, có bổ sung tư liệu ảnh, trong đó có nhiều ảnh chụp chân dung người Ba Na, về phong tục, tập quán, sinh hoạt của họ và hình ảnh Kon Tum đầu thế kỷ 20. “Người Ba Na ở Kon Tum” là kết quả hợp tác giữa Viện Viễn đông Bác cổ Pháp (EFEO) tại Hà Nội và Viện Nghiên cứu văn hóa (Viện Khoa học Xã hội Việt Nam). Không chỉ là một công trình nghiên cứu khoa học, người đọc có thể tìm đọc cuốn sách như một tác phẩm văn học với những ghi chép và phân tích hết sức thú vị.</subfield>
  </datafield>
  <datafield tag="650" ind1=" " ind2=" ">
   <subfield code="a">Bahnar (Vietnamese people),Dân tộc Ba Na (Người Việt Nam),Kon Tum (Vietnam),Tỉnh Kin Tum (Việt Nam)</subfield>
  </datafield>
  <datafield tag="650" ind1=" " ind2=" ">
   <subfield code="x">Social life and customs,Phong tục và đời sống xã hội,Description and travel,Mô tả và du lịch</subfield>
  </datafield>
  <datafield tag="904" ind1=" " ind2=" ">
   <subfield code="i">Năm</subfield>
  </datafield>
  <datafield tag="980" ind1=" " ind2=" ">
   <subfield code="a">Trung tâm Học liệu Trường Đại học Cần Thơ</subfield>
  </datafield>
 </record>
</collection>
